The development and regulation of non-bank financial institutions (Record no. 288338)

000 -LEADER
fixed length control field 00488cam a22001457a 4500
008 - FIXED-LENGTH DATA ELEMENTS--GENERAL INFORMATION
fixed length control field 180718b2002 xxu||||| |||| 00| 0 eng d
020 ## - INTERNATIONAL STANDARD BOOK NUMBER
International Standard Book Number 0821348396
082 ## - DEWEY DECIMAL CLASSIFICATION NUMBER
Classification number T42 In8
100 ## - MAIN ENTRY--PERSONAL NAME
Personal name Carmichael, Jeffrey
245 ## - TITLE STATEMENT
Title The development and regulation of non-bank financial institutions
Statement of responsibility, etc. by Jeffrey Carmichael and Michael Pomerleano
260 ## - PUBLICATION, DISTRIBUTION, ETC.
Place of publication, distribution, etc. Washington, D.C.
Name of publisher, distributor, etc. World Bank
Date of publication, distribution, etc. 2002
300 ## - PHYSICAL DESCRIPTION
Extent 230p.
650 ## - SUBJECT ADDED ENTRY--TOPICAL TERM
Topical term or geographic name entry element Financial institutions - International
700 ## - ADDED ENTRY--PERSONAL NAME
Personal name Pomerleano, Michael
Holdings
Withdrawn status Lost status Damaged status Not for loan Permanent Location Current Location Date acquired Full call number Barcode Date last seen Price effective from Koha item type
        Indian Institute of Public Administration Indian Institute of Public Administration 2002-10-29 T42 In8 WB9391 2018-07-20 2018-07-20 WB

Powered by Koha